Search the Library Catalogue
| 000 -LEADER | |
|---|---|
| fixed length control field | 00558nam a2200181Ia 4500 |
| 008 - FIXED-LENGTH DATA ELEMENTS--GENERAL INFORMATION | |
| fixed length control field | 240910s9999 xx 000 0 und d |
| 020 ## - INTERNATIONAL STANDARD BOOK NUMBER | |
| ISBN | 9780702083112 |
| Paper back/Hardbound | pbk |
| 041 ## - LANGUAGE CODE | |
| Language code of text/sound track or separate title | eng |
| 082 ## - DEWEY DECIMAL CLASSIFICATION NUMBER | |
| Classification number | 362.1068 ROS |
| Item number | ROS |
| 100 ## - MAIN ENTRY--AUTHOR NAME | |
| Personal name | Rosser, E.a. |
| 245 #0 - TITLE STATEMENT | |
| Title | Leading and Managing in Contemporary Health and Social Care (Pb 2023) |
| Statement of responsibility, etc | /Elizabeth Anne Rosser , Cate Wood |
| 260 ## - PUBLICATION, DISTRIBUTION, ETC. (IMPRINT) | |
| Name of publisher | Elsevier (Np), ; |
| Year of publication | 2023. |
| Place of publication | UK : |
| 300 ## - PHYSICAL DESCRIPTION | |
| Number of Pages | 195p. |
| Other physical details | xi, ; |
| Dimensions | 23cm. |
| 504 ## - BIBLIOGRAPHY, ETC. NOTE | |
| Bibliography, etc | Includes index |
| 650 ## - SUBJECT ADDED ENTRY--TOPICAL TERM | |
| Topical Term | Social welfare problems & services |
| 942 ## - ADDED ENTRY ELEMENTS (KOHA) | |
| Koha item type | English Books |
| Withdrawn status | Lost status | Damaged status | Not for loan | Home library | Current library | Shelving location | Date acquired | Full call number | Accession Number | Price effective from | Koha item type |
|---|---|---|---|---|---|---|---|---|---|---|---|
| Anna Centenary Library | Anna Centenary Library | 4TH FLOOR, A WING | 24.04.2024 | 362.1068 ROS | 659669 | 24.04.2024 | English Books |